Hoạt động giáo dục nghề phổ thông : Nghề nấu ăn 11

Spremljeno u:
Bibliografski detalji
Glavni autor: Nguyễn, Đắc Cường
Format: Knjiga
Jezik:Undetermined
Izdano: Hà Nội Giáo dục Việt Nam 2012
Teme:
Oznake: Dodaj oznaku
Bez oznaka, Budi prvi tko označuje ovaj zapis!
Thư viện lưu trữ: Trung tâm Học liệu Trường Đại học Cần Thơ
LEADER 00733nam a2200217Ia 4500
001 CTU_185193
008 210402s9999 xx 000 0 und d
020 |c 16000 
082 |a 641.50712 
082 |b C561 
100 |a Nguyễn, Đắc Cường 
245 0 |a Hoạt động giáo dục nghề phổ thông : 
245 0 |b Nghề nấu ăn 11 
245 0 |c Nguyễn Đắc Cường, Lã Minh Quý (Chủ biên) 
260 |a Hà Nội 
260 |b Giáo dục Việt Nam 
260 |c 2012 
650 |a Cooking,Sách nấu ăn 
650 |x Study and teaching (Secondary),Dạy và học (Trung học) 
904 |i Hải 
980 |a Trung tâm Học liệu Trường Đại học Cần Thơ